Política fiscal y distribución personal y regional del ingreso en la Argentina (Registro nro. 3672)

Detalles MARC
000 -LEADER
fixed length control field 01440 a2200241 4500
001 - CONTROL NUMBER
control field 43231
005 - DATE AND TIME OF LATEST TRANSACTION
control field 20260407155716.0
008 - FIXED-LENGTH DATA ELEMENTS--GENERAL INFORMATION
fixed length control field 260407a2017 arg spa d
003 - CONTROL NUMBER IDENTIFIER
control field AR-UNSa-BCEJYS
040 ## - CATALOGING SOURCE
Original cataloging agency AR-UNSa-BCEJYS
Language of cataloging spa
Transcribing agency AR-UNSa-BCEJYS
080 ## - UNIVERSAL DECIMAL CLASSIFICATION NUMBER
Universal Decimal Classification number 336.02
Common auxiliary subdivision Política financiera. Política fiscal
020 ## - INTERNATIONAL STANDARD BOOK NUMBER
International Standard Book Number 978-950-34-1462-0
041 ## - LANGUAGE CODE
Language code of text/sound track or separate title spa
100 1# - MAIN ENTRY--PERSONAL NAME
Personal name Porto, Alberto
245 10 - TITLE STATEMENT
Title Política fiscal y distribución personal y regional del ingreso en la Argentina
264 #1 - PRODUCTION, PUBLICATION, DISTRIBUTION, MANUFACTURE, AND COPYRIGHT NOTICE
Place of production, publication, distribution, manufacture La Plata :
Name of producer, publisher, distributor, manufacturer Universidad Nacional de la Plata. Facultad de Ciencias Económicas
Date of production, publication, distribution, manufacture, or copyright notice 2017
300 ## - PHYSICAL DESCRIPTION
Extent 204 p.
Dimensions 22 cm.
505 ## - FORMATTED CONTENTS NOTE
Formatted contents note 1. Presupuestos provinciales, transferencias intergubernamentales y equidad - 2. Personal and regional redistribution through public finance. The case of provincial governments in Argentina - 3. Personal and regional redistribution through the National Budget in Argentina 2004. - 4. Personal and regional redistribution through the National and Provincial Budgets in Argentina 2004. - 5. Fiscal policy and income distribution: Measurement for Argentina 1995-2010 - 6. Geografía de la desigualdad en la distribución personal del ingreso y en el impacto distributivo de la política fiscal. Argentina 1995-2010
590 ## - LOCAL NOTE (RLIN)
Local note niveau_biblio:m niveau_hierar:0
700 1# - ADDED ENTRY--PERSONAL NAME
Personal name Cont, Walter
856 41 - ELECTRONIC LOCATION AND ACCESS
Uniform Resource Identifier <a href="https://biblioeco.unsa.edu.ar/pmb/images/libros/L126586.jpg">https://biblioeco.unsa.edu.ar/pmb/images/libros/L126586.jpg</a>
Link text Imagen de portada
Electronic format type image/jpeg
942 ## - ADDED ENTRY ELEMENTS (KOHA)
Koha item type
Existencias
Withdrawn status Lost status Damaged status Not for loan Home library Current library Shelving location Date acquired Total checkouts Full call number Barcode Date last seen Price effective from Koha item type
        Biblioteca Prof. Eusebio Cleto del Rey Biblioteca Prof. Eusebio Cleto del Rey   07/04/2026   336.02 C759 L126586 07/04/2026 07/04/2026 Libro